| 000 | 00641nam a22002057a 4500 | ||
|---|---|---|---|
| 010 | _a558538 | ||
| 020 | _a101402805 | ||
| 035 | _a558538 | ||
| 037 | _bCen Lib / Ret | ||
| 040 |
_aDPL _bEN |
||
| 082 |
_a027.50942 _bNAT |
||
| 110 | _bGreat Britain. National Libraries Committee. | ||
| 245 | _aReport of the National Libraries Committee / | ||
| 260 |
_aLondon _bHer Majesty's Stationary Office _c1969 |
||
| 270 |
_aHer Majesty's Stationary Office _bLondon |
||
| 300 |
_a320p ; _c27cm(Hb) |
||
| 650 | _aNational libraries -- Great Britain. | ||
| 650 | _aEducation and science. | ||
| 942 |
_2ddc _cEN _h027.50942 _mNAT |
||
| 999 |
_c136945 _d136945 |
||